<?xml version="1.0" encoding="UTF-8"?>
<record
    xmlns:xsi="http://www.w3.org/2001/XMLSchema-instance"
    xsi:schemaLocation="http://www.loc.gov/MARC21/slim http://www.loc.gov/standards/marcxml/schema/MARC21slim.xsd"
    xmlns="http://www.loc.gov/MARC21/slim">

  <leader>00698naa a22001457i 4500</leader>
  <controlfield tag="001">9295</controlfield>
  <controlfield tag="003">KOSZ 005</controlfield>
  <controlfield tag="005">20180509103853.0</controlfield>
  <controlfield tag="008">180323s2012    -uk||||f |||| 00| 0 eng </controlfield>
  <datafield tag="040" ind1=" " ind2=" ">
    <subfield code="a">KOSZ 005/AR</subfield>
    <subfield code="c">KOSZ 005/AR</subfield>
  </datafield>
  <datafield tag="100" ind1="1" ind2=" ">
    <subfield code="a">GASZTOLD, Brygida.</subfield>
    <subfield code="b">Politechnika Koszali&#x144;ska - Instytut Neofilologii i Komunikacji Spo&#x142;ecznej,</subfield>
    <subfield code="c">Zak&#x142;ad Filologii Angielskiej</subfield>
    <subfield code="d">1993 - .</subfield>
  </datafield>
  <datafield tag="245" ind1="1" ind2="0">
    <subfield code="a">What-if? Re-imagining the Jewish-American History :</subfield>
    <subfield code="c">Brygida Gasztold.</subfield>
    <subfield code="b">Michael Chabon's "The Yiddish Policeman's Union" /</subfield>
  </datafield>
  <datafield tag="773" ind1="0" ind2=" ">
    <subfield code="i">W :</subfield>
    <subfield code="t">(Re)Visions of history in language and fiction. -</subfield>
    <subfield code="d">Newcastle upon Tyne : Cambridge Scholars Publishing, 2012. -</subfield>
    <subfield code="g">s. 336-350</subfield>
    <subfield code="z"> 9781443846806</subfield>
  </datafield>
  <datafield tag="942" ind1=" " ind2=" ">
    <subfield code="2">UKD</subfield>
    <subfield code="c">ROZ</subfield>
  </datafield>
  <datafield tag="999" ind1=" " ind2=" ">
    <subfield code="c">9295</subfield>
    <subfield code="d">9295</subfield>
  </datafield>
</record>
